SPRAYED CONCRETE LINING TUNNELLING / BY Alun Thomas (Record no. 594891)
[ view plain ]
| 000 -LEADER | |
|---|---|
| fixed length control field | 00299nam a22001217a 4500 |
| 020 ## - INTERNATIONAL STANDARD BOOK NUMBER | |
| International Standard Book Number | 9780203028995 |
| 040 ## - CATALOGING SOURCE | |
| Original cataloging agency | dlc |
| Transcribing agency | dlc |
| Modifying agency | dlc |
| Description conventions | dlc |
| 082 ## - DEWEY DECIMAL CLASSIFICATION NUMBER | |
| Edition number | 624.193 THO |
| 245 ## - TITLE STATEMENT | |
| Title | SPRAYED CONCRETE LINING TUNNELLING / BY Alun Thomas |
| 250 ## - EDITION STATEMENT | |
| Edition statement | 2ND |
| 260 ## - PUBLICATION, DISTRIBUTION, ETC. | |
| Name of publisher, distributor, etc. | CRC Press |
| Date of publication, distribution, etc. | 2020 |
| 942 ## - ADDED ENTRY ELEMENTS (KOHA) | |
| Source of classification or shelving scheme | |
| Koha item type | Book |
| Edition | 2nd |
| Withdrawn status | Lost status | Source of classification or shelving scheme | Damaged status | Not for loan | Permanent Location | Current Location | Date acquired | Total Checkouts | Full call number | Barcode | Date last seen | Price effective from | Koha item type |
|---|---|---|---|---|---|---|---|---|---|---|---|---|---|
| School of Civil and Environmental Engineering (SCEE) | School of Civil and Environmental Engineering (SCEE) | 05/31/2023 | 624.193 THO | NIT-13694 | 05/31/2023 | 05/31/2023 | Book |
